[Event "Let's Play Chess!"]
[Site "http://www.queenalice.com/game.php?id=1862258"]
[Date "2025.8.31"]
[Round "-"]
[White "Mlintz"]
[Black "bobifixer"]
[Result "0-1"]
[WhiteElo "1874"]
[BlackElo "1983"]

1. e4 c5 2. Nc3 Nc6 3. Nf3 d6 4. d4 cxd4 5. Nxd4 Nf6 6. Nf3 Bg4 7. Be2 e6 8. Nd4
Bxe2 9. Ndxe2 Be7 10. O-O O-O 11. f4 Qb6+ 12. Kh1 Rac8 13. h3 Rfd8 14. b3 Bf8
15. Bb2 g6 16. Na4 Qc7 17. Bxf6 Rd7 18. Qd2 Ne7 19. c3 Bh6 20. Bg5 Bxg5 21. fxg5
Nc6 22. Rad1 b6 23. c4 Ne5 24. Qf4 a6 25. Nb2 Rcd8 26. Nd3 Nxd3 27. Qf6 Nc5 28.
Ng3 Re8 29. Qb2 Qd8 30. Qc1 Qe7 31. b4 Nb7 32. Qb2 Qxg5 33. Qb3 Red8 34. Rf2 Qe5
35. Rdf1 h5 36. Qd3 Rf8 37. Rf4 Qb2 38. Qb3 Qxb3 39. axb3 b5 40. Rc1 Kg7 41. Ne2
g5 42. Rf2 Rc7 43. Nd4 Rfc8 44. Rfc2 Kf6 45. Nf3 g4 46. hxg4 hxg4 47. Nd4 Ke5
48. Rd2 Kxe4 0-1

[Event "Let's Play Chess!"]
[Site "http://www.queenalice.com/game.php?id=1864484"]
[Date "2025.10.21"]
[Round "-"]
[White "bobifixer"]
[Black "Mlintz"]
[Result "0-1"]
[WhiteElo "1961"]
[BlackElo "1908"]

1. d4 d5 2. Nf3 f6 3. g3 e6 4. Bg2 Nc6 5. O-O Bd6 6. b3 b5 7. Bb2 a6 8. Nbd2
Nge7 9. e4 dxe4 10. Nxe4 Bb7 11. Nxd6+ cxd6 12. Re1 e5 13. dxe5 dxe5 14. Qe2 O-O
15. Rad1 Qc7 16. c4 b4 17. a3 a5 18. axb4 Nxb4 19. Nd2 Bxg2 20. Kxg2 Rfd8 21.
Ne4 Nec6 22. Nc5 Rxd1 23. Rxd1 Nd8 24. Ne4 Nf7 25. Qg4 Rd8 26. Nxf6+ Kh8 27.
Rxd8+ Qxd8 28. Ne4 h6 29. Qf5 Qe7 30. Qc8+ Kh7 31. Qf5+ g6 32. Qf3 Kg7 33. Nc3
Nc2 34. Qd5 Qa7 35. Nb5 Qe7 36. Nc3 Qc7 37. Ne4 Nb4 38. Qe6 Nd3 39. Qf6+ Kh7 40.
Ba3 Qb7 41. f3 Qd7 0-1

[Event "Let's Play Chess!"]
[Site "http://www.queenalice.com/game.php?id=1864631"]
[Date "2025.10.28"]
[Round "-"]
[White "bobifixer"]
[Black "Mlintz"]
[Result "0-1"]
[WhiteElo "1981"]
[BlackElo "1888"]

1. c4 e5 2. Nc3 f5 3. d3 c6 4. Nf3 d6 5. g3 Nf6 6. Bg2 Be7 7. Bg5 O-O 8. h4 Nh5
9. Bxe7 Qxe7 10. e3 Nf6 11. O-O b6 12. Rc1 Bb7 13. a3 Nbd7 14. b4 a6 15. Ng5 h6
16. Nf3 d5 17. cxd5 cxd5 18. Qb3 Kh8 19. h5 b5 20. Nh4 Kg8 21. Ng6 Qf7 22. d4 e4
23. Nxf8 Nxf8 24. Ne2 Nxh5 25. Rc2 Qd7 26. Rfc1 Ne6 27. Bh3 Ng5 28. Bg2 Rc8 29.
Rxc8+ Bxc8 30. Nc3 Bb7 31. Bf1 Nf3+ 32. Kg2 Nf6 33. Ne2 Ng4 34. Nf4 Nd2 0-1

[Event "Let's Play Chess!"]
[Site "http://www.queenalice.com/game.php?id=1864941"]
[Date "2025.10.30"]
[Round "-"]
[White "Olavio"]
[Black "bobifixer"]
[Result "1-0"]
[WhiteElo "2045"]
[BlackElo "1997"]

1. c4 Nf6 2. g3 c5 3. Bg2 e6 4. Nf3 Be7 5. Na3 O-O 6. O-O Nc6 7. Nc2 d5 8. cxd5
exd5 9. b3 Be6 10. Bb2 d4 11. d3 h6 12. e4 dxe3 13. fxe3 Qc7 14. d4 Rad8 15. Qe2
cxd4 16. Nfxd4 Nxd4 17. Nxd4 Bd5 18. Nf5 Bxg2 19. Qxg2 Bc5 20. Rf4 Nd5 21. Nxh6+
Kh7 22. Qe4+ f5 23. Nxf5 Nxf4 24. gxf4 1-0

[Event "Let's Play Chess!"]
[Site "http://www.queenalice.com/game.php?id=1864942"]
[Date "2025.10.30"]
[Round "-"]
[White "bobifixer"]
[Black "Olavio"]
[Result "1-0"]
[WhiteElo "1991"]
[BlackElo "2064"]

1. Nf3 g6 2. d4 Bg7 3. g3 Nf6 4. c4 O-O 5. Bg2 c6 6. Nc3 d5 7. cxd5 Nxd5 8. e4
Nxc3 9. bxc3 Bg4 10. Qc2 Bxf3 11. Bxf3 Nd7 12. O-O Re8 13. Bg5 f6 14. Be3 b6 15.
Rab1 Kh8 16. a4 e5 17. Rbd1 Qc7 18. Rfe1 exd4 19. cxd4 Rad8 20. Bf4 Qc8 21. Qb3
c5 22. dxc5 Nxc5 23. Qc4 Ne6 24. Qxc8 Rxc8 25. Be3 Rc4 26. e5 fxe5 27. Bd5 Rd4
28. Bxd4 Nxd4 29. Rxd4 Rd8 30. Rdd1 1-0

[Event "Let's Play Chess!"]
[Site "http://www.queenalice.com/game.php?id=1865338"]
[Date "2025.11.8"]
[Round "-"]
[White "alow_proton"]
[Black "bobifixer"]
[Result "1-0"]
[WhiteElo "2108"]
[BlackElo "1943"]

1. e4 c5 2. Nf3 d6 3. d4 cxd4 4. Nxd4 Nf6 5. Nc3 a6 6. a3 e6 7. Bg5 Be7 8. Qd2
b5 9. Be2 Bb7 10. Bf3 Qc7 11. O-O O-O 12. Rfe1 Nbd7 13. g3 Rac8 14. Rac1 Ne5 15.
Qe2 h6 16. Bf4 Nxf3+ 17. Nxf3 Qc6 18. Nd4 Qc4 19. Nb3 Qxe2 20. Rxe2 Nh5 21. Bd2
Nf6 22. f4 Rfd8 23. h3 Nd7 24. Rd1 Nc5 25. Kf2 Nxb3 26. cxb3 h5 27. h4 Bf6 28.
b4 g6 29. Be1 Bg7 30. Ke3 Rc4 31. Kf2 Bxc3 32. Bxc3 Rxe4 33. Rxe4 Bxe4 34. Ke3
1-0

[Event "Let's Play Chess!"]
[Site "http://www.queenalice.com/game.php?id=1865339"]
[Date "2025.11.8"]
[Round "-"]
[White "bobifixer"]
[Black "alow_proton"]
[Result "0-1"]
[WhiteElo "1934"]
[BlackElo "2115"]

1. d4 d5 2. Nf3 Nf6 3. c4 c6 4. cxd5 cxd5 5. g3 Bg4 6. Bg2 Nc6 7. O-O h6 8. Nc3
Qc8 9. a3 e6 10. b4 a6 11. Na4 Qc7 12. Nc5 b6 13. Nb3 Bd6 14. Bb2 O-O 15. Rc1
Qd7 16. Qd3 Bf5 17. Qd1 Be4 18. Nbd2 Bf5 19. Nh4 Bh7 20. Re1 Rfd8 21. e4 dxe4
22. Nxe4 Bxe4 23. Bxe4 Nxe4 24. Rxe4 f5 25. Re1 Qf7 26. Rxc6 Rab8 27. Qe2 Qd7
28. Rec1 a5 29. b5 Rdc8 30. a4 Kh7 31. Qh5 Rxc6 32. Rxc6 Bc7 0-1

[Event "Let's Play Chess!"]
[Site "http://www.queenalice.com/game.php?id=1866494"]
[Date "2025.12.4"]
[Round "-"]
[White "alow_proton"]
[Black "bobifixer"]
[Result "1-0"]
[WhiteElo "2056"]
[BlackElo "1995"]

1. e4 c5 2. Nf3 d6 3. d4 cxd4 4. Nxd4 Nf6 5. Nc3 a6 6. a4 g6 7. Bc4 Bg7 8. O-O
O-O 9. Bb3 b6 10. Bg5 Bb7 11. f3 Nbd7 12. Qd2 Nc5 13. Bc4 Qc7 14. b3 e6 15. Bh6
1-0

[Event "Let's Play Chess!"]
[Site "http://www.queenalice.com/game.php?id=1866495"]
[Date "2025.12.4"]
[Round "-"]
[White "bobifixer"]
[Black "alow_proton"]
[Result "0-1"]
[WhiteElo "1895"]
[BlackElo "2121"]

1. Nf3 d5 2. d4 Nf6 3. g3 Bg4 4. Bg2 Qd7 5. Ne5 Qc8 6. Nxg4 Qxg4 7. O-O Nc6 8.
c3 Qd7 9. Nd2 e6 10. e4 dxe4 11. Nxe4 Nxe4 12. Bxe4 Rb8 13. Bf4 Bd6 14. Bxd6
cxd6 0-1

[Event "Escacs 209"]
[Site "http://www.queenalice.com/game.php?id=1866914"]
[Date "2025.12.12"]
[Round "-"]
[White "bobifixer"]
[Black "alterego"]
[Result "0-1"]
[WhiteElo "1925"]
[BlackElo "1457"]

1. c4 g6 2. d4 Bg7 3. Nf3 Nf6 4. g3 a6 5. Bg2 b5 6. cxb5 axb5 7. O-O Nc6 8. Nbd2
Ra6 9. Qb3 d5 10. Qxb5 Rb6 11. Qc5 O-O 12. a3 e6 0-1